Postmodernist burjuva liberalizmi (Kayıt no. 3057)

MARC ayrıntıları
000 -BAŞLIK
Sabit Uzunlukta Kontrol Alanı 00729na a2200253 4500
001 - KONTROL NUMARASI
Denetim Alanı 17023
003 - KONTROL NUMARASI IDENTIFIER
Denetim Alanı MIRAKIL
005 - SON İŞLEM TARİHİ VE ZAMANI
Denetim Alanı 20181213154918.0
008 - SABİT-BOY VERİ ELEMANLARI - GENEL BİLGİLER
Sabit Uzunlukta Kontrol Alanı 161021b tu 000 0
020 ## - ULUSLARARASI STANDART KİTAP NUMARASI
Uluslararası Standart Kitap Numarası 9757380407
035 ## - SİSTEM KONTROL NUMARASI
Sistem Kontrol Numarası 17023
040 ## - KATALOGLAMA KAYNAK
Orijinal Kataloglama Ajansı Milas
Kataloglama Dili tur
Metne Dönüştürmek Ajansı TR-AnCHP
041 ## - DİL KODU
Metin / Ses Parça Veya Ayrı Başlığın Dil Kodu tur
082 ## - DEWEY ONLU SINIFLANDIRMA NUMARASI
Sınıflandırma Numarası 320.513
Ürün Numarası P67 1995
090 ## - SINIFLAMA NUMARASI
Sınıflama Numarası 320.513 P67 1995
245 ## - BAŞLIK TABLOSU
Başlık Postmodernist burjuva liberalizmi
Sorumluluk Tablosu, Vb Thomas D. Dochherty...[ve öte.]; Türkçesi Yavuz Alogan
260 ## - YAYIN, DAĞITIM, VB
Yayın, Dağıtım, Vb Yeri İstanbul
Yayıncı, Dağıtıcı, Vs Adı Sarmal Yayınevi
Yayın, Dağıtım, Vb Tarihi 1995
300 ## - FİZİKSEL TANIM
Kapsam 144 s.
Boyutlar 19 sm.
650 ## - KONU KATMA GİRİŞ - TOPİKAL DÖNEM
Topikal Süreli Veya Coğrafi Ad Giriş Elemanı Siyasal ideolojiler
Genel Alt Bölümü Çağdaş liberalizm
650 ## - KONU KATMA GİRİŞ - TOPİKAL DÖNEM
Topikal Süreli Veya Coğrafi Ad Giriş Elemanı Post modernizm
Genel Alt Bölümü Liberalizm
700 ## - KATMA GİRİŞ - KİŞİSEL İSİM
Kişisel Ad Dochherty, Thomas D.
700 ## - KATMA GİRİŞ - KİŞİSEL İSİM
Kişisel Ad Alagon, Yavuz
942 ## - EKLENDİ GİRİŞ ELEMANLARI (KOHA)
Sınıflandırma Veya Raf Düzeni Kaynak Dewey Decimal Classification
Koha Öğesi Türü Kitaplar
999 ## - SİSTEM KONTROL NUMARALARI (KOHA)
Koha Biblionumber 3057
Koha Biblioitemnumber 3057
Mevcut
Kalıcı Konum Mevcut Konum Edinme Tarihi Edinim Kaynak Toplam Check-Out'Lar Tam Çağrı Numarası Barkod Tarih Son Görülme Tarihi Geçen Teslim İtibaren Geçerli Fiyatlar Koha Öğesi Türü
CHP Kütüphanesi CHP Kütüphanesi 10/21/2016 Bağış 1 320.513 P67 1995 005840 08/20/2021 08/16/2021 10/21/2016 Kitaplar